Statistics for Fast Math - Cube Roots Quiz

Click here to take the quiz!

General Stats

  • This quiz has been taken 274 times
  • The average score is 11 of 20

Answer Stats

cubed numberresult% Correct
2166
100%
172812
95%
1562525
88%
1968327
87%
685919
86%
3930434
84%
57178783
65%
11764949
62%
34300070
57%
15746454
56%
53144181
48%
63605686
41%
14060852
40%
25004763
37%
28749666
33%
49303979
27%
2195228
25%
8518444
24%
5065337
20%
97029999
20%

Score Distribution

Percentile by Number Answered

Percent of People with Each Score

Your Score History

You have not taken this quiz